000 00497nam a2200193Ia 4500
001 15051
003 GE_BSU
008 181216s||||||||xx |||||||||||||| ||und||
040 _cGE_BSU
080 _a514.12
100 _aВиноградов, И.М.
245 _aАналитическая геометрия.
245 _bУчебник.
260 _aМосква
260 _c1986
300 _a172стр.20см.
653 _aАналитическая геометрия.
942 _cBK
999 _c48169
_d48169